000 00502nam a2200205 a 4500
001 BRCA_4114
005 20190320204541.0
008 120410s1925----mx-#######---#000-0#spa-#
041 _aspa
044 _amx
050 4 _aPQ7297
_b.A43 1925
100 1 _aAmador, Armando C.
_910643
245 1 0 _aTierra mojada
_cpor Armando C. Amador.
260 _aMéxico
_bNuñez
_c1925
300 _a101 p.
_c17 cm.
500 _aC142
650 1 4 _aLiteratura mexicana
_910506
902 _aGFM
942 _2lcc
_cB
999 _c3830
_d3830